|
|
|
|
| LEADER |
00676nab a2200169 i 4500 |
| 001 |
acta52977 |
| 005 |
20260224081030.0 |
| 008 |
180410s1938 hu o 000 hun d |
| 040 |
|
|
|a SZTE Egyetemi Kiadványok Repozitórium
|b hun
|
| 041 |
|
|
|a hun
|
| 100 |
1 |
|
|a Wagner Ferenc
|
| 245 |
1 |
0 |
|a Románia közoktatásügyi szervezete
|h [elektronikus dokumentum] /
|c Wagner Ferenc
|
| 260 |
|
|
|c 1938
|
| 300 |
|
|
|a 172-173
|
| 490 |
0 |
|
|a Nevelésügyi szemle
|v 2 No. 2-3
|
| 695 |
|
|
|a Oktatásügy - magyar - Románia, Pedagógia - magyar - Románia, Kisebbségi kérdés, Kisebbség - magyar - Románia
|
| 856 |
4 |
0 |
|u http://acta.bibl.u-szeged.hu/52977/1/nev_szem_002_002_003_172-173.pdf
|z Dokumentum-elérés
|